Técnicas para la redacción de leyes
Αποθηκεύτηκε σε:
| Κύριος συγγραφέας: | |
|---|---|
| Μορφή: | Βιβλίο |
| Γλώσσα: | Ισπανικά |
| Έκδοση: |
Santiago
UCMM
1983
|
| Σειρά: | Colección Texto, 102
|
| Θέματα: | |
| Ετικέτες: |
Προσθήκη ετικέτας
Δεν υπάρχουν, Καταχωρήστε ετικέτα πρώτοι!
|
MARC
| LEADER | 00000nam a2200000 a 4500 | ||
|---|---|---|---|
| 001 | UCV2798 | ||
| 003 | CL-VaPUC | ||
| 008 | 921111e19830000dr |||||||||||||||||spa|d | ||
| 082 | 0 | 4 | |a 342.05 |b GON |2 21 |
| 100 | 0 | |a González Tirado, Rafael |e author |9 297068 | |
| 245 | 1 | 0 | |a Técnicas para la redacción de leyes |
| 300 | |a 178 p | ||
| 942 | |c BK | ||
| 945 | |d 19921111 00:00:00 | ||
| 260 | |a Santiago |b UCMM |c 1983 | ||
| 650 | 7 | |a LEGISLACION |2 CL-VaPUC |9 297069 | |
| 583 | |a last modification |c 20171221 02:10:05 |k Rodrigo Vera | ||
| 490 | 0 | |a Colección Texto, 102 | |
| 999 | |c 210286 |d 210284 | ||
| 952 | |0 0 |1 0 |4 0 |6 342_050000000000000_GON_1983 |7 0 |8 A |9 186405 |a BIBDER |b BIBDER |d 2019-11-14 |i 2538741 |o 342.05 GON 1983 |p 2538741 |r 2023-01-25 |w 2019-11-14 |y BK |k DER | ||